000 00403pam a2200157 a 4500
020 _a9781437706642
_c
041 _h
082 _a617.3
_bHUN / SGA
100 _aHUNTER R.E.,SGAGLIONE N.A.
245 _aAANA ADVANCED ARTHROSCOPY THE KNEE + CD & ONLINE
_hTextual Documents
250 _a1.
260 _bSAUNDERS
_c2010
300 _a275:
_bX;
_cHB+
_eCD & ONLINE.
930 _a5151
999 _c799678
_d799678
650 _aORTHO